Youth ministries
में बचाया:
| मुख्य लेखक: | |
|---|---|
| स्वरूप: | पुस्तक |
| भाषा: | अंग्रेज़ी |
| प्रकाशित: |
Lincoln, NE.
AdventSource
2008
|
| श्रृंखला: | A Quick Start Guide
|
| विषय: | |
| टैग: |
टैग जोड़ें
कोई टैग नहीं, इस रिकॉर्ड को टैग करने वाले पहले व्यक्ति बनें!
|
MARC
| LEADER | 00000nam a22000005i 4500 | ||
|---|---|---|---|
| 003 | CL-ChBUA | ||
| 005 | 20160503122354.0 | ||
| 007 | ta | ||
| 008 | 160503s2008 xxu||||| |||| 000 ||eng | ||
| 020 | |a 978-1-57756-493-5 | ||
| 040 | |a CL-ChBUA |c CL-ChBUA |e rda | ||
| 082 | 0 | 0 | |a 286.732 |
| 100 | 1 | |a Dickerson, Brenda |e autor | |
| 245 | 1 | 0 | |a Youth ministries |c Brenda Dickerson |
| 260 | |a Lincoln, NE. |b AdventSource |c 2008 | ||
| 300 | |a 24 cm |c 28 cm | ||
| 440 | |a A Quick Start Guide | ||
| 650 | 4 | |a TRABAJO DE LA IGLESIA CON LOS JOVENES |x IGLESIA ADVENTISTA DEL SEPTIMO DIA | |
| 650 | 4 | |a EDUCACION CRISTIANA |x JOVENES | |
| 942 | |2 ddc |c LIB | ||
| 945 | |0 lss | ||
| 952 | |0 0 |1 0 |4 0 |6 286_732000000000000_D_549Y_200 |7 0 |9 1151967 |a UNACH |b UNACH |c 200 |d 2016-05-03 |i 57.078 |l 0 |o 286.732 / D 549y 2008 |p 89803 |r 2018-04-23 00:00:00 |t 1 |w 2016-05-03 |y LIB | ||
| 999 | |c 2198014 |d 2198014 | ||